000 00469nam a2200205Ia 4500
999 _c22450
_d22450
003 0100
005 20181002122040.0
008 130303s9999 xx 000 0 und d
040 _cARRUPELIB
050 _aJQ872.D5613 1986
100 _aDiop, Cheikh Anta
_932345
245 _aPrecolonial black Africa
_ba comparative study of the political and social systems of Europe and Black Africa, from Antiquity to the formation of Modern States
_cCheikh Anta Diop
260 _aNew York
_bLawrence Hill Books
_c1987
300 _a240p. ;
_c22cm.
650 _bAfrica, Sub-Saharan
_xPolitics and government
_942700
650 _bSocial structure
_xHistory
_zAfrica, Sub-Saharan
_942701
650 _bAfrica
_xHistory
_yTo 1498
_942702
650 _bEurope
_xHistory
_942703
650 _bEurope
_xHistory
_yTo 1492
_942704
700 _aSalemson, Harold (tr.)
_942705
942 0 0 _01
_2lcc
_cMONOGRAPH